Statistics for World Capitals Closest to Ljubljana

Click here to take the quiz!

General Stats

  • This quiz has been taken 455 times
  • The average score is 17 of 20

Answer Stats

kmcapital% Correct
490Rome
98%
278Vienna
96%
117Zagreb
96%
381Budapest
95%
724Berlin
91%
550Bern
91%
485Belgrade
89%
446Prague
89%
393Sarajevo
89%
305Bratislava
88%
286San Marino
88%
678Tirana
87%
491Vatican City
85%
795Sofia
82%
715Skopje
81%
401Vaduz
80%
650Pristina
77%
553Podgorica
75%
614Monaco
71%
740Luxembourg
54%

Score Distribution

Percentile by Number Answered

Percent of People with Each Score

Your Score History

You have not taken this quiz